Statistics for US States with the most Lighthouses

Click here to take the quiz!

General Stats

  • This quiz has been taken 56 times
  • The average score is 14 of 16

Answer Stats

# of LighthousesState% Correct
55California
100%
69Texas
98%
124New York
96%
59Florida
94%
73Maine
94%
79Massachusetts
93%
147Michigan
91%
45North Carolina
91%
42Virginia
89%
37Rhode Island
87%
37Ohio
85%
64Maryland
83%
42New Jersey
81%
39Hawaii
76%
37Louisiana
76%
66Wisconsin
76%

Score Distribution

Percentile by Number Answered

Percent of People with Each Score

Your Score History

You have not taken this quiz